El Tributo de las cien doncellas /
Descripción Física:
Il·lustracions
Colección:
San Jorge,
; núm. 14 (abril 1954), pàg 58-68
Materias:
Ramon Berenguer -- IV, -- comte de Barcelona, -- aproximadament 1113-1162
; Arquitectura medieval -- Bagà (Catalunya)
; Bagà (Catalunya) -- Llegendes
Idioma:
Español
MARC
| LEADER | 00000naa a2200000 a 4500 | ||
|---|---|---|---|
| 003 | Arxiu | ||
| 005 | 20260324181039.0 | ||
| 008 | 160829s1954 spcaxx s spa c | ||
| 040 | |a agdb | ||
| 100 | 1 | |a Vilardaga Pujol, José Ma. |q (José Maria), |d 1886-1967 |9 29685 | |
| 245 | 1 | 3 | |a El Tributo de las cien doncellas / |c por José M.ª Vilardaga, diputado provincial |
| 300 | |b Il·lustracions | ||
| 490 | |a San Jorge, |v núm. 14 (abril 1954), pàg 58-68 | ||
| 600 | 1 | 0 | |a Ramon Berenguer |b IV, |c comte de Barcelona, |d aproximadament 1113-1162 |9 54919 |
| 650 | 0 | |a Arquitectura medieval |9 31086 |z Bagà (Catalunya) | |
| 651 | 0 | |9 54918 |a Bagà (Catalunya) |x Llegendes | |
| 773 | |g Núm. 14 (abril 1954), pàg 58-68 |t San Jorge. | ||
| 901 | |a Arxiu | ||
| 942 | |n 1 |2 udc |c ART | ||
| 952 | |0 0 |1 0 |4 0 |6 REV509 |7 1 |9 64777 |a Arxiu |b Arxiu |d 2022-12-13 |l 0 |o Rev-509 |r 2022-12-13 00:00:00 |w 2022-12-13 |y ARXIU | ||
| 999 | |c 48813 |d 48813 | ||